[Event "WchT Seniors 65"]
[Site "Struga"]
[Date "2023.09.22"]
[Round "4.4"]
[White "Ristoja, Aulikki"]
[Black "Rantanen, Veikko J"]
[Result "0-1"]
[WhiteElo "1538"]
[BlackElo "1861"]
[PlyCount "52"]
[EventDate "2023.09.19"]
[EventType "team-swiss"]
[EventRounds "9"]
[EventCountry "MKD"]
[SourceTitle "EXT 2024"]
[Source "ChessBase"]
[SourceDate "2023.10.10"]
[SourceVersion "1"]
[SourceVersionDate "2023.10.10"]
[SourceQuality "1"]
[WhiteTeam "Finland 65 II"]
[BlackTeam "Finland Turku 65"]
[WhiteTeamCountry "FIN"]
[BlackTeamCountry "FIN"]

1. d4 Nf6 2. Bf4 g6 3. Nc3 d5 4. Nb5 Na6 5. a4 c6 6. Na3 Bg7 7. c3 0-0 8. f3 c5 9. dxc5 Nxc5 10. b4 Ne6 11. Bd2 Re8 12. e3 Nc7 13. Nc2 e5 14. Be2 Ne6 15. Bb5 Re7 16. h4 a6 17. Be2 d4 18. cxd4 exd4 19. exd4 Nxd4 20. Bc3 Nxc2+ 21. Qxc2 Qc7 22. Rc1 Qg3+ 23. Kf1 Nd5 24. Bd2 Bd4 25. Qxc8+ Rxc8 26. Rxc8+ Kg7 0-1

[Event "WchT Seniors 65"]
[Site "Struga"]
[Date "2023.09.20"]
[Round "2.4"]
[White "Ristoja, Aulikki"]
[Black "Hughes, Anthony"]
[Result "0-1"]
[WhiteElo "1538"]
[BlackElo "1838"]
[PlyCount "67"]
[EventDate "2023.09.19"]
[EventType "team-swiss"]
[EventRounds "9"]
[EventCountry "MKD"]
[SourceTitle "EXT 2024"]
[Source "ChessBase"]
[SourceDate "2023.10.10"]
[SourceVersion "1"]
[SourceVersionDate "2023.10.10"]
[SourceQuality "1"]
[WhiteTeam "Finland 65 II"]
[BlackTeam "Wales Silures 65"]
[WhiteTeamCountry "FIN"]
[BlackTeamCountry "WLS"]

1. d4 d5 2. Bf4 Nf6 3. e3 e6 4. Nd2 Bd6 5. Bg3 0-0 6. c4 c5 7. dxc5 Bxc5 8. Ngf3 Nc6 9. a3 a5 10. Rc1 Bd6 11. Bxd6 Qxd6 12. c5 Qe7 13. Be2 e5 14. Nb1 Rd8 15. 0-0 Bf5 16. Nbd2 Rac8 17. Nh4 Be6 18. Nhf3 d4 19. exd4 e4 20. Ng5 Nxd4 21. Nxe6 Qxe6 22. Bc4 Qf5 23. b4 Nf3+ 24. gxf3 Qg5+ 25. Kh1 Rxd2 26. Qb3 Rxf2 27. Bxf7+ Kh8 28. Rxf2 Qxc1+ 29. Kg2 Qg5+ 30. Kf1 Rd8 31. Qc2 exf3 32. Bb3 Ng4 33. Rxf3 Ne3+ 34. Rxe3 0-1

[Event "WchT Seniors 65"]
[Site "Prague"]
[Date "2020.03.11"]
[Round "6.4"]
[White "Andersson, Erik"]
[Black "Ristoja, Aulikki"]
[Result "1-0"]
[WhiteElo "1607"]
[BlackElo "1564"]
[PlyCount "95"]
[EventDate "2020.03.06"]
[EventType "team-swiss"]
[EventRounds "7"]
[EventCountry "CZE"]
[SourceTitle "CBM 195 Extra"]
[Source "ChessBase"]
[SourceDate "2020.05.31"]
[SourceVersion "1"]
[SourceVersionDate "2020.05.31"]
[SourceQuality "1"]
[WhiteTeam "Sweden 65 V"]
[BlackTeam "Finland 65 III"]
[WhiteTeamCountry "SWE"]
[BlackTeamCountry "FIN"]

1. Nf3 Nf6 2. b3 g6 3. Bb2 Bg7 4. e3 d5 5. d4 0-0 6. Be2 Ne4 7. Nbd2 f5 8. Bd3 Nd7 9. 0-0 c5 10. c3 e5 11. Qc2 b6 12. Nxe5 Nxe5 13. dxe5 Bxe5 14. Rfd1 Qc7 15. Nf3 Bg7 16. c4 Bb7 17. cxd5 Bxd5 18. Bxg7 Qxg7 19. Rac1 Rad8 20. Bc4 Bxc4 21. Qxc4+ Kh8 22. h3 Rxd1+ 23. Rxd1 Qb2 24. Qe6 Qxf2+ 25. Kh1 Qxe3 26. Qe5+ Kg8 27. Qe6+ Kg7 28. Qe7+ Rf7 29. Qe5+ Kh6 30. Kh2 Qc3 31. Qf4+ Kg7 32. Ng5 Nxg5 33. Qxg5 Qf6 34. Qf4 Re7 35. Rd6 Qf7 36. Qd2 f4 37. Qc3+ Kh6 38. Rf6 Qg7 39. g4 fxg3+ 40. Kxg3 Re4 41. Qd2+ Kh5 42. Qd5+ g5 43. Qd1+ g4 44. Qd5+ Qg5 45. Qf7+ Qg6 46. Rf5+ Kh6 47. Qf8+ Qg7 48. Rf6+ 1-0

[Event "WchT Seniors 65"]
[Site "Prague"]
[Date "2020.03.08"]
[Round "3.15"]
[White "Ristoja, Aulikki"]
[Black "Thoele, Wolfgang"]
[Result "1/2-1/2"]
[WhiteElo "1564"]
[BlackElo "1875"]
[PlyCount "43"]
[EventDate "2020.03.06"]
[EventType "team-swiss"]
[EventRounds "7"]
[EventCountry "CZE"]
[SourceTitle "CBM 195 Extra"]
[Source "ChessBase"]
[SourceDate "2020.05.31"]
[SourceVersion "1"]
[SourceVersionDate "2020.05.31"]
[SourceQuality "1"]
[WhiteTeam "Finland 65 III"]
[BlackTeam "Germany 65 IX"]
[WhiteTeamCountry "FIN"]
[BlackTeamCountry "GER"]

1. d4 d5 2. Bf4 Nf6 3. e3 e6 4. Bd3 c5 5. c3 Bd7 6. a4 c4 7. Bc2 Bc6 8. Nd2 Bd6 9. Bxd6 Qxd6 10. Ngf3 0-0 11. 0-0 Nbd7 12. Qe2 a6 13. a5 Rfb8 14. h3 b5 15. axb6 Rxb6 16. Ra2 Bb5 17. e4 dxe4 18. Nxe4 Qd5 19. Nxf6+ Nxf6 20. Ne5 Rc8 21. f4 g6 22. g4 1/2-1/2

[Event "EUR-chT Seniors 65"]
[Site "Mali Losinj"]
[Date "2019.09.24"]
[Round "7.4"]
[White "Thoele, Wolfgang"]
[Black "Ristoja, Aulikki"]
[Result "1/2-1/2"]
[WhiteElo "1865"]
[BlackElo "1558"]
[PlyCount "67"]
[EventDate "2019.09.18"]
[EventType "team-swiss"]
[EventRounds "9"]
[EventCountry "CRO"]
[SourceTitle "EXT 2020"]
[Source "ChessBase"]
[SourceDate "2019.10.17"]
[SourceVersion "1"]
[SourceVersionDate "2019.10.17"]
[SourceQuality "1"]
[WhiteTeam "Bielefeld Rochade 65"]
[BlackTeam "Northern Moves 65"]
[WhiteTeamCountry "GER"]
[BlackTeamCountry "FIN"]

1. e4 d5 2. exd5 Qxd5 3. Nc3 Qa5 4. d4 c6 5. Nf3 Bg4 6. Bf4 Nf6 7. h3 Bxf3 8. Qxf3 Qb6 9. Qd3 e6 10. b3 Bb4 11. Bd2 Nbd7 12. a3 Be7 13. Be2 Qc7 14. 0-0 0-0 15. Qf3 Rfd8 16. Bd3 c5 17. dxc5 Nxc5 18. Rfd1 Nxd3 19. cxd3 a6 20. b4 b5 21. Rac1 Qd7 22. Be1 Rac8 23. Qe3 Nd5 24. Nxd5 Qxd5 25. Qa7 Qd6 26. Qb7 Rb8 27. Qe4 Qd5 28. Qxd5 Rxd5 29. Rc6 Ra8 30. Bc3 Rd6 31. Rxd6 Bxd6 32. Rc1 Rc8 33. Bb2 Rxc1+ 34. Bxc1 1/2-1/2

[Event "EUR-chT Seniors 65"]
[Site "Mali Losinj"]
[Date "2019.09.23"]
[Round "6.4"]
[White "Ristoja, Aulikki"]
[Black "Cassidy, Sydney"]
[Result "1-0"]
[WhiteElo "1558"]
[BlackElo "1599"]
[PlyCount "73"]
[EventDate "2019.09.18"]
[EventType "team-swiss"]
[EventRounds "9"]
[EventCountry "CRO"]
[SourceTitle "EXT 2020"]
[Source "ChessBase"]
[SourceDate "2019.10.17"]
[SourceVersion "1"]
[SourceVersionDate "2019.10.17"]
[SourceQuality "1"]
[WhiteTeam "Northern Moves 65"]
[BlackTeam "Ireland 65"]
[WhiteTeamCountry "FIN"]
[BlackTeamCountry "IRL"]

1. d4 d5 2. Bf4 Nf6 3. e3 e6 4. Bd3 b6 5. c3 Ba6 6. Bxa6 Nxa6 7. Qa4+ c6 8. Qxa6 Qd7 9. Qe2 Be7 10. Nf3 0-0 11. Ne5 Qc8 12. Nd2 c5 13. dxc5 bxc5 14. 0-0 Qb7 15. Ndf3 Ne4 16. Qc2 f6 17. Nd3 e5 18. Bxe5 fxe5 19. Ndxe5 Bd6 20. Rad1 Rae8 21. Nd3 Re6 22. Nde1 Rh6 23. g3 Qf7 24. Qd3 Nf6 25. Ng5 Qh5 26. h4 Re8 27. c4 Qg4 28. Ng2 Re5 29. cxd5 Rxd5 30. Qb3 Qb4 31. Rxd5 Qxb3 32. axb3 Nxd5 33. Ra1 Bb8 34. Ne4 Rb6 35. Nxc5 Bd6 36. Ne4 a6 37. Rd1 1-0

[Event "EUR-chT Seniors 65"]
[Site "Mali Losinj"]
[Date "2019.09.21"]
[Round "4.8"]
[White "Palsson, Bertil"]
[Black "Ristoja, Aulikki"]
[Result "1-0"]
[WhiteElo "1784"]
[BlackElo "1558"]
[PlyCount "63"]
[EventDate "2019.09.18"]
[EventType "team-swiss"]
[EventRounds "9"]
[EventCountry "CRO"]
[SourceTitle "EXT 2020"]
[Source "ChessBase"]
[SourceDate "2019.10.17"]
[SourceVersion "1"]
[SourceVersionDate "2019.10.17"]
[SourceQuality "1"]
[WhiteTeam "Sweden 65 III"]
[BlackTeam "Northern Moves 65"]
[WhiteTeamCountry "SWE"]
[BlackTeamCountry "FIN"]

1. c4 g6 2. Nf3 d6 3. d4 Bg7 4. g3 Nf6 5. Bg2 c6 6. 0-0 Bf5 7. Nc3 Qd7 8. Re1 Bh3 9. Bh1 h5 10. Qd3 h4 11. Nxh4 Na6 12. a3 Nc7 13. d5 c5 14. b4 b6 15. Bb2 0-0-0 16. bxc5 dxc5 17. Ne4 Nh5 18. Bxg7 Nxg7 19. Ng5 Rdf8 20. Nxh3 Qxh3 21. Bg2 Qd7 22. a4 Rh6 23. Nf3 f6 24. h4 Rfh8 25. Reb1 Kd8 26. a5 Qd6 27. axb6 axb6 28. Ra7 Nf5 29. Rb7 b5 30. Ra1 bxc4 31. Qxc4 Kd7 32. Qb5+ 1-0

[Event "FIN-ch rapid"]
[Site "Helsinki"]
[Date "2019.08.24"]
[Round "2"]
[White "Hamina, Martti"]
[Black "Ristoja, Aulikki"]
[Result "1-0"]
[WhiteElo "1702"]
[BlackElo "1558"]
[PlyCount "93"]
[EventDate "2019.08.24"]
[EventType "swiss (rapid)"]
[EventRounds "9"]
[EventCountry "FIN"]
[SourceTitle "EXT 2020"]
[Source "ChessBase"]
[SourceDate "2019.10.17"]
[SourceVersion "1"]
[SourceVersionDate "2019.10.17"]
[SourceQuality "1"]

1. e4 d5 2. exd5 Qxd5 3. d4 Qd8 4. Nf3 Bg4 5. Be2 e6 6. 0-0 Nf6 7. h3 Bxf3 8. Bxf3 c6 9. Re1 Be7 10. c4 Nbd7 11. Nc3 h6 12. d5 cxd5 13. cxd5 exd5 14. Bxd5 Nc5 15. Bf4 0-0 16. Bxb7 Nxb7 17. Qb3 Nc5 18. Qc4 Rc8 19. Rad1 Ne6 20. Qa6 Nxf4 21. Rxd8 Bxd8 22. Qxc8 Bb6 23. Qf5 Ng6 24. Ne4 Nxe4 25. Rxe4 Rd8 26. g3 Kf8 27. h4 Rd2 28. Qc8+ Rd8 29. Qc3 Ne7 30. Qb4 Re8 31. Kg2 f6 32. g4 Kf7 33. g5 hxg5 34. hxg5 fxg5 35. Qc4+ Kf8 36. f4 Rc8 37. Qe6 Re8 38. fxg5 Bd8 39. Rf4+ Nf5 40. Rxf5+ Bf6 41. Rxf6+ gxf6 42. Qxf6+ Kg8 43. Kg3 Re3+ 44. Kf4 Re1 45. Kg4 Rg1+ 46. Kh5 Rh1+ 47. Kg6 1-0

[Event "EU-ch Seniors 65 (Women)"]
[Site "Rhodes"]
[Date "2019.04.10"]
[Round "5"]
[White "Ristoja, Aulikki"]
[Black "Sorokina, Tamara"]
[Result "0-1"]
[WhiteElo "1551"]
[BlackElo "2051"]
[PlyCount "90"]
[EventDate "2019.04.06"]
[EventType "tourn"]
[EventRounds "9"]
[EventCountry "GRE"]
[SourceTitle "CBM 189 Extra"]
[Source "ChessBase"]
[SourceDate "2019.06.03"]
[SourceVersion "1"]
[SourceVersionDate "2019.06.03"]
[SourceQuality "1"]

1. d4 Nf6 2. Bf4 c5 3. dxc5 Qa5+ 4. c3 Qxc5 5. e3 d6 6. Nf3 g6 7. Nbd2 Bg7 8. Be2 0-0 9. h3 b6 10. 0-0 Bb7 11. Qc2 Nbd7 12. Rfd1 e5 13. Bh2 Rfe8 14. Nc4 Bf8 15. a4 Qc7 16. Na3 d5 17. Bb5 a6 18. Be2 Rac8 19. Rac1 Qd8 20. Nb1 Bd6 21. Nbd2 Qe7 22. Qb3 Bc5 23. Re1 h6 24. Qd1 Qe6 25. c4 Bb4 26. cxd5 Nxd5 27. Bc4 Qe7 28. Qb3 Bxd2 29. Nxd2 Nc5 30. Qa3 a5 31. Bb5 Bc6 32. Bxc6 Rxc6 33. Nc4 f6 34. Red1 Nb4 35. Rc3 Rd8 36. Rdc1 Nbd3 37. Rf1 Kg7 38. g4 Qd7 39. Rd1 Qc7 40. Qa2 Nb4 41. Qa1 Rxd1+ 42. Qxd1 Ne4 43. Nxe5 Nxc3 44. Nxc6 Qxh2+ 45. Kxh2 Nxd1 0-1

[Event "EU-ch Seniors 65 (Women)"]
[Site "Rhodes"]
[Date "2019.04.09"]
[Round "4"]
[White "Podlovny, Stella"]
[Black "Ristoja, Aulikki"]
[Result "0-1"]
[WhiteElo "1599"]
[BlackElo "1551"]
[PlyCount "118"]
[EventDate "2019.04.06"]
[EventType "tourn"]
[EventRounds "9"]
[EventCountry "GRE"]
[SourceTitle "CBM 189 Extra"]
[Source "ChessBase"]
[SourceDate "2019.06.03"]
[SourceVersion "1"]
[SourceVersionDate "2019.06.03"]
[SourceQuality "1"]

1. d4 d5 2. e3 Nf6 3. c4 c6 4. Nf3 Bg4 5. h3 Bh5 6. Nbd2 e6 7. Bd3 Bd6 8. c5 Bc7 9. b4 b6 10. Qb3 bxc5 11. bxc5 Qc8 12. Rb1 0-0 13. Qb7 Qxb7 14. Rxb7 Rc8 15. Ba3 Nbd7 16. 0-0 e5 17. dxe5 Nxe5 18. Bf5 a5 19. Bxc8 Rxc8 20. Nd4 Ne4 21. N2f3 Nc4 22. Bc1 Nxc5 23. Nxc6 Bd6 24. Ne7+ Bxe7 25. Rxe7 Kf8 26. Ra7 f6 27. g4 Bf7 28. Nd2 Nd3 29. Nxc4 dxc4 30. Ba3+ Kg8 31. Rxa5 c3 32. Bc1 h5 33. gxh5 c2 34. a4 Bc4 35. Kg2 Ne5 36. Re1 Nd3 37. Rg1 Ne5 38. f4 Nd3 39. Kf3 Nc5 40. Ra7 Bd5+ 41. Kf2 Bf7 42. h6 g6 43. f5 g5 44. h4 Rd8 45. hxg5 Ne4+ 46. Kf3 Nxg5+ 47. Kg4 Rd1 48. Rg2 Rxc1 49. a5 Bb3 50. Rg7+ Kh8 51. Rd2 Rd1 52. Rxc2 Bxc2 53. a6 Rg1+ 54. Kf4 Rf1+ 55. Kg3 Rxf5 56. a7 Ra5 57. Rd7 Be4 58. Kf4 Bc6 59. Rc7 Ne6+ 0-1

[Event "Wch Seniors 65 (Women) 28th"]
[Site "Bled"]
[Date "2018.11.23"]
[Round "6"]
[White "Ristoja, Aulikki"]
[Black "Podlovny, Stella"]
[Result "1/2-1/2"]
[WhiteElo "1505"]
[BlackElo "1616"]
[PlyCount "67"]
[EventDate "2018.11.18"]
[EventType "swiss"]
[EventRounds "11"]
[EventCountry "SLO"]
[SourceTitle "CBM 187 Extra"]
[Source "ChessBase"]
[SourceDate "2018.11.04"]
[SourceVersion "1"]
[SourceVersionDate "2018.11.04"]
[SourceQuality "1"]

1. d4 d5 2. Bf4 Bf5 3. e3 Nf6 4. Nc3 e6 5. Nb5 Na6 6. a4 c6 7. Na3 Nc7 8. Bd3 Bxd3 9. Qxd3 Bd6 10. Bxd6 Qxd6 11. c3 0-0 12. Nf3 h6 13. 0-0 Rac8 14. Nc2 c5 15. dxc5 Qxc5 16. Ne5 Qd6 17. f4 Nd7 18. Qd4 Nxe5 19. fxe5 Qa6 20. Nb4 Qa5 21. Nd3 b6 22. b4 Qa6 23. b5 Qb7 24. Nb4 Rfe8 25. Nc6 a6 26. Qf4 Na8 27. Nd4 Rxc3 28. bxa6 Qd7 29. Nb5 Rc6 30. Rac1 Rec8 31. Rxc6 Rxc6 32. Nd6 Rc7 33. Rb1 Ra7 34. Qf1 1/2-1/2

[Event "Wch Seniors 65 (Women) 28th"]
[Site "Bled"]
[Date "2018.11.21"]
[Round "4"]
[White "Norman, Dinah M"]
[Black "Ristoja, Aulikki"]
[Result "1/2-1/2"]
[WhiteElo "1659"]
[BlackElo "1505"]
[PlyCount "134"]
[EventDate "2018.11.18"]
[EventType "swiss"]
[EventRounds "11"]
[EventCountry "SLO"]
[SourceTitle "CBM 187 Extra"]
[Source "ChessBase"]
[SourceDate "2018.11.04"]
[SourceVersion "1"]
[SourceVersionDate "2018.11.04"]
[SourceQuality "1"]

1. d4 d5 2. Nf3 Nf6 3. e3 Bf5 4. c4 e6 5. Qb3 Qc8 6. Nc3 c6 7. Bd2 Be7 8. Rc1 dxc4 9. Bxc4 a5 10. a3 b5 11. Nxb5 Nbd7 12. Nc3 Rb8 13. Qa2 Qb7 14. Nd1 a4 15. 0-0 h6 16. Bc3 Nd5 17. Re1 Be4 18. Nd2 Bh7 19. e4 Nxc3 20. bxc3 Qc7 21. Ne3 0-0 22. Rb1 Rxb1 23. Rxb1 Nf6 24. f3 Qf4 25. Ndf1 g5 26. Rb7 Bd8 27. Qf2 g4 28. Qg3 Qxg3 29. hxg3 gxf3 30. gxf3 Ne8 31. Ra7 Nd6 32. Be2 Nb5 33. Bxb5 cxb5 34. Rb7 Ba5 35. Rxb5 Bxc3 36. d5 exd5 37. Nxd5 Bd4+ 38. Kg2 Ra8 39. Nfe3 Bg6 40. Nc2 Bg7 41. Ne7+ Kh7 42. Nxg6 Kxg6 43. Rb6+ Kh7 44. Rb7 Kg8 45. Ne3 Bf8 46. Nc4 Rc8 47. Nb6 Rc2+ 48. Kh3 Bxa3 49. Nxa4 Bd6 50. Rb2 Rc4 51. Nb6 Rc3 52. Kg4 h5+ 53. Kxh5 Rxf3 54. Nd5 Rxg3 55. Rc2 Kg7 56. Re2 f6 57. Ra2 Rg5+ 58. Kh4 Kg6 59. Ra6 Be5 60. Ne7+ Kf7 61. Nf5 Kg6 62. Ne7+ Kh7 63. Nf5 Rg8 64. Ra7+ Kh8 65. Rd7 Rg5 66. Rd8+ Rg8 67. Rxg8+ Kxg8 1/2-1/2

[Event "Stockholm Cramling op"]
[Site "Stockholm"]
[Date "2018.09.01"]
[Round "2"]
[White "Ristoja, Aulikki"]
[Black "Fransson, Angelina"]
[Result "0-1"]
[WhiteElo "1530"]
[BlackElo "2004"]
[PlyCount "86"]
[EventDate "2018.09.01"]
[EventType "swiss"]
[EventRounds "7"]
[EventCountry "SWE"]
[SourceTitle "CBM 186 Extra"]
[Source "ChessBase"]
[SourceDate "2018.08.24"]
[SourceVersion "1"]
[SourceVersionDate "2018.08.24"]
[SourceQuality "1"]

1. d4 Nf6 2. Bf4 g6 3. Nc3 d5 4. f3 Bg7 5. Qd2 0-0 6. g4 c6 7. h4 Re8 8. Bh6 Bh8 9. h5 Nfd7 10. hxg6 fxg6 11. e4 e5 12. dxe5 Nxe5 13. 0-0-0 d4 14. Qxd4 Qxd4 15. Rxd4 Nf7 16. Rd2 Nxh6 17. Rxh6 Be5 18. Bc4+ Kg7 19. Rhh2 Bxh2 20. Rxh2 Nd7 21. a4 Ne5 22. Be2 Be6 23. b3 Rad8 24. Nh3 Rf8 25. Ng5 Bg8 26. Bd1 h6 27. Nh3 Nxf3 28. Rf2 Ne5 29. Rxf8 Kxf8 30. Nf4 g5 31. Nh5 Be6 32. Ng3 Nxg4 33. Bxg4 Bxg4 34. Kb2 Kf7 35. b4 Ke6 36. b5 Ke5 37. Kb3 h5 38. Nf1 Be6+ 39. Kb4 Rd4+ 40. Ka3 h4 41. Ne3 h3 42. bxc6 bxc6 43. Ne2 Rxe4 0-1

[Event "FIN-ch (Women)"]
[Site "Helsinki"]
[Date "2018.06.17"]
[Round "7"]
[White "Ristoja, Aulikki"]
[Black "Norlamo, Sarabella"]
[Result "0-1"]
[WhiteElo "1382"]
[BlackElo "1847"]
[PlyCount "90"]
[EventDate "2018.06.11"]
[EventType "tourn"]
[EventRounds "9"]
[EventCountry "FIN"]
[SourceTitle "EXT 2020"]
[Source "ChessBase"]
[SourceDate "2019.10.17"]
[SourceVersion "1"]
[SourceVersionDate "2019.10.17"]
[SourceQuality "1"]

1. d4 Nf6 2. Nc3 d5 3. Bf4 e6 4. Nb5 Bb4+ 5. c3 Ba5 6. e3 a6 7. Na3 c6 8. Bd3 Qe7 9. Nc2 Bc7 10. Nf3 Bxf4 11. exf4 c5 12. dxc5 Qxc5 13. Ne5 Nc6 14. 0-0 Qb6 15. Rb1 0-0 16. Nd4 Nxd4 17. cxd4 Bd7 18. Bc2 Rac8 19. Nf3 Qc7 20. Rc1 Qxf4 21. g3 Qd6 22. Re1 Rc7 23. Bb1 Rxc1 24. Qxc1 Rc8 25. Qd2 Bc6 26. h3 Ne4 27. Bxe4 dxe4 28. Ne5 Bd5 29. b3 Qc7 30. Qf4 f6 31. Nc4 Qxf4 32. gxf4 Bxc4 33. bxc4 Rxc4 34. Rxe4 Kf7 35. Re3 Rxd4 36. Rb3 b5 37. Rc3 Rxf4 38. Rc7+ Kg6 39. Rc6 Ra4 40. Rxe6 Rxa2 41. Kg2 a5 42. Rc6 a4 43. Rc5 b4 44. h4 b3 45. h5+ Kh6 0-1

[Event "Guimaraes op"]
[Site "Guimaraes"]
[Date "2017.09.03"]
[Round "4"]
[White "Ristoja, Aulikki"]
[Black "Pintor, Simao Maciel Abranc"]
[Result "0-1"]
[WhiteElo "1696"]
[BlackElo "2024"]
[PlyCount "56"]
[EventDate "2017.09.02"]
[EventType "swiss"]
[EventRounds "7"]
[EventCountry "POR"]
[SourceTitle "CBM 180 Extra"]
[Source "ChessBase"]
[SourceDate "2017.10.06"]
[SourceVersion "1"]
[SourceVersionDate "2017.10.06"]
[SourceQuality "1"]

1. d4 d5 2. Bf4 e6 3. e3 c5 4. c3 Nc6 5. Nf3 Nf6 6. Bb5 Qa5 7. Qa4 Qxa4 8. Bxa4 Bd7 9. Nbd2 Nh5 10. Bg3 Nxg3 11. hxg3 Rb8 12. Bc2 b5 13. Rxh7 Rxh7 14. Bxh7 g6 15. 0-0-0 b4 16. Rh1 bxc3 17. bxc3 cxd4 18. exd4 Ba3+ 19. Kd1 Rb2 20. Ng5 Rxa2 21. Rh2 Ne7 22. f4 Ba4+ 23. Ke1 Bb2 24. c4 Bc3 25. Ngf3 dxc4 26. g4 Bxd2+ 27. Nxd2 c3 28. Ne4 Ra1+ 0-1

[Event "Guimaraes op"]
[Site "Guimaraes"]
[Date "2017.09.02"]
[Round "1"]
[White "Ristoja, Aulikki"]
[Black "Silva, Jose Lucas Ferreira"]
[Result "1-0"]
[WhiteElo "1696"]
[BlackElo "1045"]
[PlyCount "51"]
[EventDate "2017.09.02"]
[EventType "swiss"]
[EventRounds "7"]
[EventCountry "POR"]
[SourceTitle "CBM 180 Extra"]
[Source "ChessBase"]
[SourceDate "2017.10.06"]
[SourceVersion "1"]
[SourceVersionDate "2017.10.06"]
[SourceQuality "1"]

1. d4 d5 2. Bf4 Bf5 3. e3 Nc6 4. a3 e6 5. Nf3 Nf6 6. Bb5 a6 7. Bxc6+ bxc6 8. Ne5 c5 9. c3 c4 10. Qa4+ Nd7 11. Qc6 Rc8 12. Qxa6 Bd6 13. Nc6 Ra8 14. Qb5 Qc8 15. 0-0 0-0 16. Nd2 Bxf4 17. exf4 Ra6 18. Ne7+ Kh8 19. Nxc8 Ra8 20. Ne7 Nf6 21. Nxf5 exf5 22. Rab1 Rfe8 23. Rfe1 Rg8 24. Nxc4 dxc4 25. Qxc4 Ne4 26. Qxf7 1-0

[Event "EU-ch (Women) 18th"]
[Site "Riga"]
[Date "2017.04.21"]
[Round "10"]
[White "Ristoja, Aulikki"]
[Black "Ivanova, Katrina Telma"]
[Result "1-0"]
[WhiteElo "1716"]
[BlackElo "1340"]
[PlyCount "151"]
[EventDate "2017.04.11"]
[EventType "swiss"]
[EventRounds "11"]
[EventCountry "LAT"]
[SourceTitle "CBM 177 Extra"]
[Source "ChessBase"]
[SourceDate "2017.04.27"]
[SourceVersion "1"]
[SourceVersionDate "2017.04.27"]
[SourceQuality "1"]

1. d4 d5 2. c4 e6 3. Nf3 Be7 4. Bf4 Nf6 5. Nc3 c6 6. e3 0-0 7. c5 Nbd7 8. Bd3 b6 9. b4 Bb7 10. h3 Re8 11. g4 Nf8 12. Ne5 N6d7 13. Bg3 Nxe5 14. Bxe5 Bf6 15. Bxf6 Qxf6 16. f4 Qh4+ 17. Kd2 Qd8 18. Qf3 Nd7 19. g5 g6 20. h4 Kg7 21. h5 Rh8 22. h6+ Kf8 23. Nd1 bxc5 24. f5 exf5 25. bxc5 Qxg5 26. Nc3 Ke8 27. Rag1 Qe7 28. Rh2 Nf6 29. Bxf5 Rg8 30. Bd3 Kd7 31. Rf2 Ne4+ 32. Bxe4 dxe4 33. Qxf7 Rgf8 34. Qxe7+ Kxe7 35. Nxe4 Rxf2+ 36. Nxf2 Rf8 37. Ng4 Bc8 38. a3 Bf5 39. Ne5 Rc8 40. Kc3 Ke6 41. Rg2 Be4 42. Rb2 Rc7 43. a4 Bd5 44. a5 Kf5 45. a6 Ke6 46. Rb7 Re7 47. Rxe7+ Kxe7 48. Nxg6+ Kf6 49. Nf4 Be4 50. Kc4 Kg5 51. d5 Kxh6 52. Kd4 Bf3 53. e4 Bg4 54. d6 Kg5 55. Nd3 Kf6 56. Ne5 h5 57. Nxg4+ hxg4 58. d7 Ke7 59. Ke3 Kxd7 60. Kf4 Ke6 61. Kxg4 Ke5 62. Kf3 Kd4 63. Kf4 Kxc5 64. e5 Kd5 65. Kf5 c5 66. e6 Kd6 67. Kf6 c4 68. e7 c3 69. e8Q Kd5 70. Qe5+ Kc4 71. Qc7+ Kb3 72. Qxa7 c2 73. Qe3+ Kb2 74. a7 c1Q 75. Qxc1+ Kxc1 76. a8Q 1-0

[Event "EU-ch (Women) 18th"]
[Site "Riga"]
[Date "2017.04.19"]
[Round "8"]
[White "Zvereva, Margarita"]
[Black "Ristoja, Aulikki"]
[Result "1-0"]
[WhiteElo "1771"]
[BlackElo "1716"]
[PlyCount "103"]
[EventDate "2017.04.11"]
[EventType "swiss"]
[EventRounds "11"]
[EventCountry "LAT"]
[SourceTitle "CBM 177 Extra"]
[Source "ChessBase"]
[SourceDate "2017.04.27"]
[SourceVersion "1"]
[SourceVersionDate "2017.04.27"]
[SourceQuality "1"]

1. e4 d5 2. exd5 Qxd5 3. Nc3 Qa5 4. d4 Nf6 5. Nf3 Bg4 6. h3 Bxf3 7. Qxf3 c6 8. Bd2 Nbd7 9. 0-0-0 e6 10. Kb1 Bb4 11. Ne4 Bxd2 12. Nxd2 Rc8 13. Nc4 Qc7 14. Qa3 c5 15. dxc5 0-0 16. Qf3 Nxc5 17. Be2 Nce4 18. g4 Qc5 19. Rhf1 b5 20. Ne3 Ng5 21. Qg2 h6 22. h4 Ngh7 23. Bd3 Rfd8 24. Rg1 Nd5 25. Nxd5 Rxd5 26. Rc1 Nf6 27. g5 hxg5 28. hxg5 Ne8 29. g6 f5 30. Qh3 Kf8 31. Qh8+ Ke7 32. Qg8 Kd6 33. Rge1 Re5 34. f4 Rxe1 35. Rxe1 Qd5 36. Qf8+ Kc6 37. Qe7 Nc7 38. Qxg7 Qf3 39. Qe5 a6 40. Rg1 Qf2 41. Rd1 Qg3 42. Be2 Rg8 43. Bh5 Qh3 44. Qe2 Kb6 45. Qf2+ Kb7 46. Bf3+ Nd5 47. Rh1 Rxg6 48. Rxh3 Kc7 49. Bxd5 exd5 50. Qc5+ Kd7 51. Rh7+ Kd8 52. Qf8# 1-0

[Event "EU-ch (Women) 18th"]
[Site "Riga"]
[Date "2017.04.17"]
[Round "7"]
[White "Ristoja, Aulikki"]
[Black "Sibajeva, Marija"]
[Result "0-1"]
[WhiteElo "1716"]
[BlackElo "2011"]
[PlyCount "104"]
[EventDate "2017.04.11"]
[EventType "swiss"]
[EventRounds "11"]
[EventCountry "LAT"]
[SourceTitle "CBM 177 Extra"]
[Source "ChessBase"]
[SourceDate "2017.04.27"]
[SourceVersion "1"]
[SourceVersionDate "2017.04.27"]
[SourceQuality "1"]

1. d4 d5 2. c4 c6 3. cxd5 cxd5 4. Nc3 Nc6 5. a3 Nf6 6. Nf3 e6 7. Bg5 Be7 8. e3 0-0 9. Bd3 Bd7 10. Rc1 Rc8 11. 0-0 h6 12. Bxf6 Bxf6 13. b4 Nb8 14. Bb1 Be7 15. Qd3 f5 16. Ne5 Bd6 17. f4 a5 18. Nb5 Bxe5 19. fxe5 Rxc1 20. Rxc1 axb4 21. axb4 Qb6 22. Nd6 Qxb4 23. Bc2 Bc6 24. Rb1 Qa5 25. Qb3 Qd2 26. Rd1 Qe2 27. Rf1 Nd7 28. Rf2 Qa6 29. h3 Qb6 30. Qd3 Qb4 31. g4 Qe1+ 32. Kg2 g6 33. gxf5 gxf5 34. Nxf5 Rxf5 35. Rxf5 exf5 36. Qxf5 Qe2+ 37. Kg3 Qxe3+ 38. Kh2 Qd2+ 39. Kh1 Qc1+ 40. Kh2 Nf8 41. e6 Qd2+ 42. Kh1 Qe1+ 43. Kh2 Qxe6 44. Qf2 Qf7 45. Qg3+ Qg7 46. Qe3 Qg5 47. Qf2 Ne6 48. Kh1 Qc1+ 49. Kg2 Qf4 50. Qe2 Nxd4 51. Bh7+ Kxh7 52. Qe7+ Kg6 0-1

[Event "EU-ch (Women) 18th"]
[Site "Riga"]
[Date "2017.04.16"]
[Round "6"]
[White "Ozbay, Ece"]
[Black "Ristoja, Aulikki"]
[Result "1-0"]
[WhiteElo "2035"]
[BlackElo "1716"]
[PlyCount "45"]
[EventDate "2017.04.11"]
[EventType "swiss"]
[EventRounds "11"]
[EventCountry "LAT"]
[SourceTitle "CBM 177 Extra"]
[Source "ChessBase"]
[SourceDate "2017.04.27"]
[SourceVersion "1"]
[SourceVersionDate "2017.04.27"]
[SourceQuality "1"]

1. e4 d5 2. exd5 Qxd5 3. Nc3 Qa5 4. d4 Nf6 5. Bc4 Bf5 6. Bd2 c6 7. Nge2 Nbd7 8. Ng3 Bg6 9. h4 h5 10. Nd5 Qd8 11. Nf4 Bh7 12. Ngxh5 Nxh5 13. Qxh5 g6 14. Qf3 Nf6 15. 0-0-0 Qxd4 16. Qb3 0-0-0 17. Be3 Qe5 18. Rxd8+ Kxd8 19. Qxb7 Qc7 20. Qa8+ Qc8 21. Qxa7 Ke8 22. Rd1 e6 23. Ba6 1-0